000 00636nam a2200241Ia 4500
003 OSt
005 20220918222947.0
006 a|||||r|||| 00| 0
007 ta
008 220917b |||||||| |||| 00| 0 eng d
024 _a219,617
037 _cTextual
040 _aARTS
_cARTS
_beng
041 _2eng
_aeng
082 _aY73[Q7]:45N, P3
100 _aBurke Jason
_9144486
245 0 _aAl-Qaeda
_b casting a shadow of terror
260 _aLondon
_bI .B. Tauris
_c2003
300 _avii, 292p
_ccm.
650 _aSOCIOLOGY
942 _hY73[Q7]:45N, P3
_cTEXL
_2CC
999 _c276935
_d276935